Prevenzione Mille 2011 I progetti di integrazione sociale e riqualificazione urbana per città più umane

Salvato in:
Dettagli Bibliografici
Ente Autore: Provincia di Roma
Natura: Libro
Lingua:inglese
Pubblicazione: Roma Provincia di Roma
Tags: Aggiungi Tag
Nessun Tag, puoi essere il primo ad aggiungerne!!

MARC

LEADER 00000nam a2200000 4500
005 20240605194513.0
008 240605b |||||||| |||| 00| 0 eng d
040 |c GP 
110 |a Provincia di Roma 
245 |a Prevenzione Mille 2011  |b I progetti di integrazione sociale e riqualificazione urbana per città più umane 
260 |a Roma  |b Provincia di Roma 
942 |2 ddc  |c BK  |n 0 
952 |0 0  |1 0  |2 ddc  |4 0  |6 305_000000000000000_PRO  |7 1  |9 1377  |a RM  |b RM  |d 2024-06-05  |l 0  |o 305 PRO  |p 215  |r 2024-06-05 19:45:30  |w 2024-06-05  |y BK 
999 |c 1267  |d 1267